000 00636nam a2200241 i 4500
001 C2-0300505
003 PPAK
005 20180728082022.0
008 091105s2009 my a|||| ||||| | may d
020 _a9789675136375
040 _aPPAK
_beng
_cPPAK
_erda
082 0 4 _a899.233
_223
090 0 0 _a899.233
_bSIN
_dG
100 0 _aSinaganaga,
_eauthor
245 1 0 _aStingarden
264 1 _aKuala Lumpur :
_bPTS Fortuna ,
_c2009
300 _a154 pages :
_billustrations ;
_c18 cm
336 _2rdacontent
_atext
337 _2rdamedia
_aunmediated
338 _2rdacarrier
_avolume
650 1 0 _aMalay fiction.
942 _ddc
_cB
999 _c104389
_d104389